000 00441nam a2200157 i 4500
001 70730
003 ES-MaACL
005 20230906170913.0
007 t|
008 040802s1977 sp ||||1| spa d
100 1 _aGarmendia Iraundegui, José.
_955587
245 1 0 _aProblemas de Física /
_cJ. Garmendia Iraundegui.
260 _aMadrid :
_bPirámide,
_c[1977]
300 _a230 p. :
_bil. ;
_c23 cm.
852 _aES-MaACL
_jA-7109
_bR.95784
999 _c70730
_d70730